एक्यूप्रेशरः अपने पैरों की बात सुनें / (Record no. 68028)

MARC details
000 -LEADER
fixed length control field 00849 aa a2200217 4500
005 - DATE AND TIME OF LATEST TRANSACTION
control field 20120618113721.0
010 ## - LCCN (DPL NO)
LC control number
020 ## - INTERNATIONAL STANDARD BOOK NUMBER
Terms of availability 95.00
International Standard Book Number 817621129x
035 ## - SYSTEM CONTROL NUMBER
System control number B-145751
037 ## - SOURCE OF ACQUISITION
Source of stock number/acquisition pub
082 ## - DEWEY DECIMAL CLASSIFICATION NUMBER
Classification number 615.822
100 ## - MAIN ENTRY--PERSONAL NAME
Personal name बहल, आई.पी.
245 ## - TITLE STATEMENT
Title एक्यूप्रेशरः अपने पैरों की बात सुनें /
Statement of responsibility, etc आई.पी.बहल
246 ## - VARYING FORM OF TITLE
Title proper/short title
Remainder of title
260 ## - PUBLICATION, DISTRIBUTION, ETC. (IMPRINT)
Place of publication, distribution, etc नई दिल्ली
Name of publisher, distributor, etc फुल सर्कल पब्लिशिंग
Date of publication, distribution, etc 2006
270 ## - ADDRESS
Address
City
Postal code
300 ## - PHYSICAL DESCRIPTION
Extent 216पृ
Dimensions 22 सेमी (अजिल्द)
490 ## - SERIES STATEMENT
Series statement
-- 49237
942 ## - ADDED ENTRY ELEMENTS (KOHA)
Institution code [OBSOLETE] dpl
Item type Hindi Books
Call number prefix
Source of classification or shelving scheme Dewey Decimal Classification
Classification part 615.822
Call number suffix बहल
Holdings
Withdrawn status Lost status Not for loan Collection code Home library Current library Date acquired Cost, normal purchase price Full call number Barcode Cost, replacement price Koha item type
      Non-fiction Sarojini Nagar Sarojini Nagar 18/06/2012 95.00 615.822 बहल B-145751 95.00 Hindi Books

© Delhi Public Library
Hit Counter
free hit counter